Statistics for Highest populated cities

Click here to take the quiz!

General Stats

  • This quiz has been taken 16 times
  • The average score is 6 of 10

Answer Stats

QuestionAnswer% Correct
Highest PopulationGuangzhou
100%
Highest PopulationJakarta
94%
Highest PopulationTokyo
88%
Highest PopulationLondon
88%
Highest PopulationMilan
75%
Highest PopulationManchester
75%
Highest PopulationDhaka
31%
Highest PopulationBirmingham
25%
Highest PopulationWashington DC
13%
Highest PopulationKinshasa
13%

Score Distribution

Percentile by Number Answered

Percent of People with Each Score

Your Score History

You have not taken this quiz